000 00212nam a2200097Ia 4500
008 240331s9999 xx 000 0 und d
082 _bTHE
100 _aForan, J. ed
245 0 _aTheorizing revolutions
942 _cL
999 _c1330
_d1330